| 000 | 00578nam a2200181Ia 4500 | ||
|---|---|---|---|
| 999 |
_c36751 _d36751 |
||
| 003 | OSt | ||
| 005 | 20201218124642.0 | ||
| 008 | 190216s9999||||xx |||||||||||||| ||und|| | ||
| 020 | _a9788171676699 | ||
| 040 | _coclc | ||
| 082 |
_a509.220954 _bCHA/B |
||
| 100 |
_aChattopadhyay, Anjana _97683 |
||
| 245 | 0 |
_aBiographical Dictionary Of Indian Scientist From Ancient To Contemporary / _cAnjana Chattopadhyay |
|
| 260 |
_bRupa & Co, _aNew Delhi: _c2002. |
||
| 300 | _a1597p | ||
| 650 | _aEnglish | ||
| 942 |
_cREF _2ddc _h509.220954 _iCHA/B _k509.220954 _mCHA/B |
||